Godlight - Noah Kahan (All Lyrics) - Statistics

General Stats
  • This quiz has been taken 98 times
  • The average score is 417 of 488
Answer Stats
Lyrics % Correct
a
98%
go
98%
I
98%
me
98%
to
98%
To
98%
you
98%
You
98%
an
96%
be
96%
become
96%
hate
96%
is
96%
Is
96%
of
96%
what
96%
it
94%
it,
94%
It's
94%
it's
94%
"It's
94%
I've
94%
no
94%
on
94%
the
94%
The
94%
Godlight
92%
in
92%
in,
92%
know
92%
so
92%
and
91%
And
91%
as
91%
then
91%
then,
91%
way
91%
your
91%
feel
89%
out
89%
said
89%
some
89%
that
89%
was
89%
watch
89%
when
89%
who
89%
can't
87%
crowd
87%
don't
87%
feed
87%
keep
87%
not
87%
say
87%
secret
87%
steppin'
87%
There's
87%
they
87%
this
87%
toes
87%
all
85%
angry
85%
forgot
85%
From
85%
I'm
85%
like
85%
look
85%
told
85%
without
85%
without?
85%
aside
83%
close
83%
fallin'
83%
last
83%
red
83%
summertime
83%
wolves
83%
big
81%
'cause
81%
'Cause
81%
curtains
81%
good
81%
grace
81%
hard
81%
name
81%
recognize
81%
see
81%
those
81%
you'll
81%
bad,
79%
got
79%
Honey,
79%
polite
79%
scream
79%
They'll
79%
they'll
79%
Black
77%
cookin'
77%
lights
77%
now
77%
one
77%
pulled
77%
'til
77%
you'd
77%
Dad's
75%
eyes
75%
Have
75%
have
75%
ladder's
75%
breathe
74%
heels
74%
rung
74%
cannot
72%
let
72%
life
72%
mine"
72%
mine
72%
their
72%
back
70%
back,
70%
bet
70%
thing
70%
though,
70%
wanted
70%
young
70%
Dirt
68%
live
68%
my
68%
road
68%
Friday
66%
night
66%
smoking
66%
soul
66%
younger
66%
But
64%
hands
64%
home
64%
break
62%
down
62%
high
62%
hole
62%
alien
60%
curse
60%
fill,
60%
gave
60%
came
58%
fuckin'
58%
comes
57%
ground
57%
medicine
57%
mom
57%
before
55%
Call
55%
here
55%
skin?
53%
stuck
53%
kid,
51%
breathed
49%
doubt?
49%
Were
49%
we're
49%
leave
47%
tethered
47%
Are
45%
did
45%
within,
45%
freed
42%
reclaimed
36%
Mm,
28%
mm
28%
mm,
28%
hmm
13%
No matching quizzes found
Score Distribution
Percent of People with Each Score
Percentile by Number Answered
Your Score History
You have not taken this quiz